000 00586nam a22002177a 4500
003 UA-OsUOA
001 71036
007 ta
008 20101001b un ||||| |||| 00| 0 ukr d
100 _aФаріон І.
090 _a32
_bФ24
942 _cSA
040 _aUA-OsUOA
_bukr
_cUA-OsUOA
_dUA-OsUOA
245 _aПроект "Закону про мови" - право на деградацію, дегенерацію і яничарство
300 _aС.1-2
955 _a0
041 _aukr
080 _a32
773 0 _w71035
650 7 _a32 Політика
_2UDC
999 _c357306
_d357306